Historia general del derecho.

Đã lưu trong:
Chi tiết về thư mục
Tác giả chính: Pampillo Baliño, Juan Pablo (autor)
Định dạng: Sách
Được phát hành: México D.F., México: Oxford University Press, 2008.
Loạt:Colección Textos Jurídicos Universitarios.
Những chủ đề:
Các nhãn: Thêm thẻ
Không có thẻ, Là người đầu tiên thẻ bản ghi này!

MARC

LEADER 00000nam a22000007a 4500
003 CL-VaPUC
005 20220822114606.0
008 220711t2008 ||||| |||| 00| 0 eng d
999 |c 436892  |d 436890 
020 |a 978-970--613-929-0 
040 |c Pontificia Universidad Católica de Valparaíso 
082 7 |a 340.5 PAM 2008  |2 22 
100 |a Pampillo Baliño, Juan Pablo  |9 588701  |e autor 
245 |a Historia general del derecho. 
260 |a México D.F., México:  |b Oxford University Press,   |c 2008. 
300 |a 478 páginas.  
490 |a Colección Textos Jurídicos Universitarios. 
500 |a c.1 Donación Familia Prof. Alejandro Guzmán Brito. 
583 |c 20220711  |k Cristina María Rojas Aguilar 
650 |a Derecho  |x Historia   |9 866193 
650 |a Derecho   |x Filosofía   |9 866192 
650 |a Derecho  |x Metodología  |9 869334 
942 |2 ddc  |c BK  |n 0 
952 |0 0  |1 0  |2 ddc  |4 0  |6 340_500000000000000_PAM_2008  |7 1  |8 C_AGB  |9 584619  |a BIBDER  |b BIBDER  |d 2022-07-11  |e Donación   |i 5652728  |o 340.5 PAM 2008  |p 5652728  |r 2023-01-25  |t 1  |w 2022-07-11  |y BK_US  |k AGB